[Event "Titled Tuesday intern op 23rd Apr Late"]
[Site "Chess.com INT"]
[Date "2024.04.23"]
[Round "4"]
[White "Bilan, Danila"]
[Black "Brodsky, David"]
[Result "1/2-1/2"]
[WhiteElo "2303"]
[BlackElo "2515"]
[PlyCount "90"]
[EventDate "2024.04.23"]
[EventType "swiss (blitz)"]
[EventRounds "11"]
[EventCountry "USA"]
[SourceTitle "CB18_2024"]
[SourceDate "2024.05.01"]
[SourceVersion "1"]
[SourceVersionDate "2024.05.01"]
[SourceQuality "2"]

1. d4 Nf6 2. Nf3 d5 3. c4 e6 4. Nc3 dxc4 5. e3 a6 6. Bxc4 b5 7. Be2 Bb7 8. 0-0 Nbd7 9. b3 Bd6 10. Bb2 0-0 11. a4 b4 12. Nb1 Qe7 13. Nbd2 e5 14. dxe5 Nxe5 15. Nxe5 Bxe5 16. Bxe5 Qxe5 17. Bf3 Bxf3 18. Nxf3 Qd5 19. Rc1 Rfd8 20. Qc2 Qd3 21. Ne5 Qxc2 22. Rxc2 Nd5 23. Rc4 a5 24. g3 f6 25. Nc6 Rd6 26. Rd1 Nxe3 27. Rxd6 Nxc4 28. Rd7 Ne5 29. Nxe5 fxe5 30. Rxc7 Rd8 31. Rc5 Rd3 32. Rxe5 Rxb3 33. Rxa5 Ra3 34. Kg2 b3 35. Rb5 Rxa4 36. Rxb3 h5 37. h4 Kh7 38. Re3 g6 39. Kf3 Kg7 40. Re4 Ra2 41. Rf4 Rb2 42. Kg2 Ra2 43. Kf3 Rb2 44. Ke4 Re2+ 45. Kf3 Rb2 1/2-1/2

[Event "Titled Tuesday intern op 23rd Apr Late"]
[Site "Chess.com INT"]
[Date "2024.04.23"]
[Round "9"]
[White "Brodsky, David"]
[Black "Koval, Artem"]
[Result "1/2-1/2"]
[WhiteElo "2515"]
[BlackElo "2193"]
[PlyCount "103"]
[EventDate "2024.04.23"]
[EventType "swiss (blitz)"]
[EventRounds "11"]
[EventCountry "USA"]
[SourceTitle "CB18_2024"]
[SourceDate "2024.05.01"]
[SourceVersion "1"]
[SourceVersionDate "2024.05.01"]
[SourceQuality "2"]

1. e4 c5 2. Nf3 d6 3. Bb5+ Nd7 4. a4 Ngf6 5. Nc3 e6 6. d4 cxd4 7. Qxd4 Be7 8. 0-0 0-0 9. Rd1 a6 10. Bf1 Qc7 11. a5 Ne5 12. Nxe5 dxe5 13. Qc4 Qxc4 14. Bxc4 Bd7 15. f3 Rac8 16. Bd3 Bc5+ 17. Kf1 Rfd8 18. Bd2 Bd4 19. Ne2 Bb5 20. Bxb5 axb5 21. c3 Bc5 22. Nc1 Rd7 23. Nb3 Ba7 24. Be1 Rxd1 25. Rxd1 Kf8 26. Bf2 Bxf2 27. Kxf2 Ke7 28. Ke3 Ne8 29. Nc1 Nd6 30. Nd3 Nc4+ 31. Ke2 Nxa5 32. Nxe5 Nc6 33. Nxc6+ bxc6 34. Ra1 Rc7 35. Ra6 Kd6 36. Kd3 e5 37. b4 Rd7 38. c4 Kc7+ 39. Kc3 bxc4 40. Ra7+ Kd6 41. Rxd7+ Kxd7 42. Kxc4 Kd6 43. h4 h5 44. g3 f6 45. g4 g6 46. b5 cxb5+ 47. Kxb5 Kd7 48. Kc5 Kc7 49. Kd5 Kd7 50. Kc5 Kc7 51. Kd5 Kd7 52. Kc5 1/2-1/2

[Event "Titled Tuesday intern op 23rd Apr Late"]
[Site "Chess.com INT"]
[Date "2024.04.23"]
[Round "2"]
[White "Brodsky, David"]
[Black "Martin Fuentes, Alberto"]
[Result "1-0"]
[WhiteElo "2515"]
[BlackElo "2372"]
[PlyCount "133"]
[EventDate "2024.04.23"]
[EventType "swiss (blitz)"]
[EventRounds "11"]
[EventCountry "USA"]
[SourceTitle "CB18_2024"]
[SourceDate "2024.05.01"]
[SourceVersion "1"]
[SourceVersionDate "2024.05.01"]
[SourceQuality "2"]

1. e4 e6 2. d4 d5 3. Nc3 Bb4 4. exd5 exd5 5. Bd3 Nc6 6. Nf3 Nce7 7. 0-0 Nf6 8. Bg5 Bxc3 9. bxc3 Ne4 10. Bxe7 Qxe7 11. c4 0-0 12. cxd5 Nc3 13. Qd2 Nxd5 14. c4 Nf6 15. Rfe1 Qd6 16. h3 b6 17. Nh4 Rd8 18. Rad1 Bd7 19. Nf5 Bxf5 20. Bxf5 Re8 21. Bc2 Rxe1+ 22. Rxe1 Rd8 23. d5 Re8 24. Rxe8+ Nxe8 25. Ba4 Nf6 26. Bc6 Qe5 27. g3 g6 28. Qd3 Qa1+ 29. Kg2 Qxa2 30. Qd4 Kg7 31. g4 h6 32. Qe5 Qxc4 33. Qxc7 Qe4+ 34. Kg3 Nxd5 35. Qd6 Qd3+ 36. f3 Nb4 37. Qxb4 Qd1 38. Qc3+ Kg8 39. Kf2 Qh1 40. Bd5 Qh2+ 41. Ke3 Qg1+ 42. Ke2 Qg2+ 43. Kd3 Qf1+ 44. Ke3 Qg1+ 45. Kd3 Qf1+ 46. Kc2 Qe2+ 47. Qd2 Qxd2+ 48. Kxd2 Kg7 49. f4 Kf6 50. Ke3 Ke7 51. Ke4 f6 52. Kd4 Kd6 53. Bf7 g5 54. fxg5 hxg5 55. Ke4 b5 56. Kf5 Ke7 57. Bd5 a5 58. Bc6 b4 59. Ba4 Kf7 60. Bb3+ Kg7 61. Ba4 Kf7 62. Bc2 Kg7 63. Ke6 Kh6 64. Kxf6 a4 65. Bxa4 b3 66. Bxb3 Kh7 67. Kxg5 1-0

[Event "Titled Tuesday intern op 23rd Apr Late"]
[Site "Chess.com INT"]
[Date "2024.04.23"]
[Round "10"]
[White "Hambleton, Aman"]
[Black "Brodsky, David"]
[Result "1-0"]
[WhiteElo "2420"]
[BlackElo "2515"]
[PlyCount "97"]
[EventDate "2024.04.23"]
[EventType "swiss (blitz)"]
[EventRounds "11"]
[EventCountry "USA"]
[SourceTitle "CB18_2024"]
[SourceDate "2024.05.01"]
[SourceVersion "1"]
[SourceVersionDate "2024.05.01"]
[SourceQuality "2"]

1. d4 Nf6 2. Bf4 d5 3. e3 c5 4. c3 Nc6 5. Nd2 Bf5 6. Qb3 Qc8 7. Ngf3 c4 8. Qd1 e6 9. Nh4 Be4 10. f3 Bg6 11. e4 Nh5 12. Be3 Be7 13. Nxg6 hxg6 14. Bf2 Qc7 15. g3 0-0-0 16. Bg2 f5 17. 0-0 dxe4 18. fxe4 f4 19. Qg4 Kb8 20. gxf4 Rdf8 21. Bg3 b5 22. e5 Rd8 23. Nf3 Rhf8 24. Qxe6 Nxf4 25. Bxf4 Rxf4 26. Nd2 Nxd4 27. cxd4 Rfxd4 28. Nf3 Rd3 29. Qxg6 Bc5+ 30. Kh1 Rh8 31. Qe4 Re3 32. Qf4 Qd7 33. Rae1 Rd3 34. e6+ Qd6 35. Qxd6+ Bxd6 36. h3 Kc7 37. Re2 Re8 38. Nh4 b4 39. Nf5 Bc5 40. Nxg7 Re7 41. Nf5 Re8 42. e7 c3 43. bxc3 bxc3 44. Rc1 Kd7 45. Be4 Rxh3+ 46. Kg2 Rh6 47. Nxh6 Bxe7 48. Bf5+ Kd6 49. Nf7+ 1-0

[Event "Titled Tuesday intern op 16th Apr Late"]
[Site "Chess.com INT"]
[Date "2024.04.16"]
[Round "4"]
[White "Brodsky, David"]
[Black "De Boer, Eelke"]
[Result "0-1"]
[WhiteElo "2515"]
[BlackElo "2399"]
[PlyCount "84"]
[EventDate "2024.04.16"]
[EventType "swiss (blitz)"]
[EventRounds "11"]
[EventCountry "USA"]
[SourceTitle "CB17_2024"]
[SourceDate "2024.04.24"]
[SourceVersion "1"]
[SourceVersionDate "2024.04.24"]
[SourceQuality "1"]

1. e4 c6 2. d4 d5 3. e5 c5 4. Nf3 cxd4 5. Qxd4 Nc6 6. Qf4 g6 7. Nc3 Bh6 8. Qa4 Bg7 9. Bb5 e6 10. Bxc6+ bxc6 11. Qxc6+ Bd7 12. Qa6 Ne7 13. 0-0 0-0 14. Bg5 h6 15. Bf4 Nc6 16. Qe2 Rb8 17. b3 g5 18. Bg3 Qa5 19. Na4 Ne7 20. Nb2 Qc3 21. Nd3 Rfc8 22. Rac1 Bb5 23. h4 g4 24. Nfe1 h5 25. Qe3 Nf5 26. Qg5 Qd4 27. Kh2 Kf8 28. Qxh5 Bh6 29. Rd1 Qe4 30. f3 gxf3 31. Qxf3 Qxf3 32. Rxf3 Ne3 33. Rd2 Ng4+ 34. Kh3 Bxd2 35. Kxg4 Bxd3 36. Nxd3 Rxc2 37. Rf2 Rbc8 38. h5 Bh6 39. Bh4 Rxf2 40. Nxf2 Rc2 41. a4 d4 42. Ne4 d3 0-1

[Event "Titled Tuesday intern op 16th Apr Late"]
[Site "Chess.com INT"]
[Date "2024.04.16"]
[Round "10"]
[White "Dobrikov, Marco"]
[Black "Brodsky, David"]
[Result "1-0"]
[WhiteElo "2364"]
[BlackElo "2515"]
[PlyCount "87"]
[EventDate "2024.04.16"]
[EventType "swiss (blitz)"]
[EventRounds "11"]
[EventCountry "USA"]
[SourceTitle "CB17_2024"]
[SourceDate "2024.04.24"]
[SourceVersion "1"]
[SourceVersionDate "2024.04.24"]
[SourceQuality "1"]

1. e4 c5 2. Nf3 a6 3. c4 Nc6 4. Nc3 e5 5. Nd5 d6 6. d3 Nge7 7. Be2 Bg4 8. 0-0 Bxf3 9. Bxf3 Nxd5 10. cxd5 Nd4 11. Bg4 g6 12. f4 h5 13. Bh3 Bg7 14. f5 g5 15. g4 hxg4 16. Bxg4 Qf6 17. h3 Qh6 18. Be3 Bf6 19. Rc1 Ke7 20. Kg2 Rac8 21. a3 Rc7 22. b4 Rhc8 23. bxc5 Rxc5 24. Rxc5 Rxc5 25. Qb1 b5 26. a4 Qh8 27. a5 Qd8 28. Rc1 Qxa5 29. Rxc5 dxc5 30. Qc1 Kd6 31. Bxg5 Qd8 32. Be3 a5 33. Qb2 b4 34. Bd1 Qg8+ 35. Kh2 Bg5 36. Bxd4 Bf4+ 37. Kh1 exd4 38. Qg2 Qxg2+ 39. Kxg2 Ke5 40. Kf3 Bh6 41. Bb3 Kf6 42. h4 Be3 43. d6 Bh6 44. e5+ 1-0

[Event "Titled Tuesday intern op 16th Apr Late"]
[Site "Chess.com INT"]
[Date "2024.04.16"]
[Round "3"]
[White "Lazavik, Denis"]
[Black "Brodsky, David"]
[Result "1/2-1/2"]
[WhiteElo "2572"]
[BlackElo "2515"]
[PlyCount "132"]
[EventDate "2024.04.16"]
[EventType "swiss (blitz)"]
[EventRounds "11"]
[EventCountry "USA"]
[SourceTitle "CB17_2024"]
[SourceDate "2024.04.24"]
[SourceVersion "1"]
[SourceVersionDate "2024.04.24"]
[SourceQuality "1"]

1. d4 Nf6 2. c4 e6 3. Nf3 d5 4. g3 dxc4 5. Bg2 c6 6. 0-0 b5 7. b3 cxb3 8. Qxb3 Bd6 9. Ne5 Bb7 10. Nc3 a6 11. Rd1 0-0 12. Bg5 h6 13. Bxf6 Qxf6 14. Ne4 Qe7 15. Nxd6 Qxd6 16. Rac1 a5 17. h4 a4 18. Qb1 Ra6 19. e3 Nd7 20. Nxd7 Qxd7 21. Rc5 Raa8 22. Rdc1 Rac8 23. h5 Qd6 24. Qe4 Rfe8 25. Bf1 f5 26. Qf3 Qe7 27. Bg2 Qf6 28. Qf4 Qf7 29. Bf3 e5 30. dxe5 Qxa2 31. Qxf5 Rf8 32. Qe4 Qf7 33. Kg2 a3 34. e6 Qf6 35. R1c2 b4 36. Bg4 b3 37. e7 bxc2 38. exf8Q+ Rxf8 39. Rxc2 Kh8 40. Ra2 Qf7 41. Qe6 c5+ 42. Kg1 Qxe6 43. Bxe6 Ra8 44. Kf1 Be4 45. Rd2 Bb1 46. Ba2 Bxa2 47. Rxa2 Kg8 48. Ke2 Kf7 49. Kd3 Ra4 50. Kc3 c4 51. e4 Ke6 52. f4 Kf6 53. g4 Ke6 54. g5 hxg5 55. fxg5 Ke5 56. h6 gxh6 57. gxh6 Kxe4 58. h7 Ra8 59. Kxc4 Rh8 60. Rxa3 Rxh7 61. Ra4 Kf5 62. Ra5+ Kf4 63. Ra4 Ke5 64. Ra5+ Kf4 65. Ra4 Ke5 66. Ra5+ Kf4 1/2-1/2

[Event "Titled Tuesday intern op 02nd Apr Early"]
[Site "Chess.com INT"]
[Date "2024.04.02"]
[Round "3"]
[White "Brodsky, David"]
[Black "Fontaine, Quentin"]
[Result "1-0"]
[WhiteElo "2515"]
[BlackElo "2306"]
[PlyCount "83"]
[EventDate "2024.04.02"]
[EventType "swiss (blitz)"]
[EventRounds "11"]
[EventCountry "USA"]
[SourceTitle "CB15_2024"]
[SourceDate "2024.04.10"]
[SourceVersion "1"]
[SourceVersionDate "2024.04.10"]
[SourceQuality "1"]

1. d4 d5 2. c4 e6 3. Nf3 Nf6 4. g3 dxc4 5. Bg2 c5 6. 0-0 Nc6 7. dxc5 Qxd1 8. Rxd1 Bxc5 9. Nbd2 c3 10. bxc3 0-0 11. Nb3 Be7 12. Nfd4 Nxd4 13. cxd4 Nd5 14. Bb2 f5 15. Rac1 b6 16. Nd2 Ba6 17. e4 fxe4 18. Nxe4 Rac8 19. h4 h6 20. Bh3 Kf7 21. Nd2 Nb4 22. Nf3 Rxc1 23. Ne5+ Kf6 24. Rxc1 Nd3 25. Rc6 Nxe5 26. dxe5+ Kf7 27. Bxe6+ Ke8 28. Bd4 Kd8 29. Bg4 Bb7 30. Rc3 Rf7 31. f4 Bb4 32. Rd3 Kc7 33. Bf3 Bxf3 34. Rxf3 Rd7 35. Bc3 Bc5+ 36. Kg2 Rd1 37. e6 Kd6 38. f5 g6 39. fxg6 h5 40. g7 Rg1+ 41. Kh2 Rh1+ 42. Kxh1 1-0

[Event "Titled Tuesday intern op 02nd Apr Early"]
[Site "Chess.com INT"]
[Date "2024.04.02"]
[Round "7"]
[White "Brodsky, David"]
[Black "Principe, Gerson"]
[Result "0-1"]
[WhiteElo "2515"]
[BlackElo "2158"]
[PlyCount "118"]
[EventDate "2024.04.02"]
[EventType "swiss (blitz)"]
[EventRounds "11"]
[EventCountry "USA"]
[SourceTitle "CB15_2024"]
[SourceDate "2024.04.10"]
[SourceVersion "1"]
[SourceVersionDate "2024.04.10"]
[SourceQuality "1"]

1. d4 Nf6 2. c4 e6 3. Nf3 b6 4. g3 Bb7 5. Bg2 Be7 6. Nc3 0-0 7. Qc2 d5 8. cxd5 exd5 9. 0-0 Nbd7 10. Rd1 a6 11. b3 Bd6 12. Bb2 Re8 13. Rac1 Qe7 14. e3 Ne4 15. Nxe4 dxe4 16. Ne5 Nf6 17. Nc4 Rac8 18. Bh3 Rb8 19. Nxd6 cxd6 20. Qc7 Nd5 21. Qxe7 Rxe7 22. a3 Kf8 23. Rc2 Ke8 24. Rdc1 Kd8 25. Kf1 Rc7 26. Rxc7 Nxc7 27. Ke2 Bd5 28. b4 b5 29. Kd2 g6 30. Bf1 Kd7 31. h4 f5 32. Be2 h5 33. Bd1 Na8 34. a4 Nb6 35. Ra1 Nc4+ 36. Kc1 Rc8 37. Bc2 Nb6 38. axb5 Bb3 39. bxa6 Bxc2 40. Kd2 Bd3 41. Kd1 Rc2 42. Bc1 Rxf2 43. a7 Na8 44. Ra5 Rc2 45. Bd2 Rc7 46. b5 Rb7 47. Bb4 Bxb5 48. Ba3 Kc6 49. Kd2 Rb6 50. Kc3 Ra6 51. Rxa6+ Bxa6 52. Kb4 Bd3 53. Ka5 Bc4 54. Bb4 Be6 55. Ba3 Bc8 56. Bb4 Bb7 57. Ba3 Nc7 58. Bb4 Nb5 59. Bd2 Nxa7 0-1

[Event "Titled Tuesday intern op 02nd Apr Early"]
[Site "Chess.com INT"]
[Date "2024.04.02"]
[Round "10"]
[White "Yelisieiev, Yevhenii"]
[Black "Brodsky, David"]
[Result "0-1"]
[WhiteElo "2403"]
[BlackElo "2515"]
[PlyCount "98"]
[EventDate "2024.04.02"]
[EventType "swiss (blitz)"]
[EventRounds "11"]
[EventCountry "USA"]
[SourceTitle "CB15_2024"]
[SourceDate "2024.04.10"]
[SourceVersion "1"]
[SourceVersionDate "2024.04.10"]
[SourceQuality "1"]

1. d4 Nf6 2. Nf3 e6 3. c4 b6 4. a3 Bb7 5. Nc3 d5 6. cxd5 Nxd5 7. Qc2 Nxc3 8. bxc3 c5 9. e4 Nd7 10. Bd3 Qc7 11. 0-0 cxd4 12. cxd4 Qxc2 13. Bxc2 Rc8 14. Bd3 Rc3 15. Rd1 Bd6 16. Bb2 Rb3 17. Ra2 Rxd3 18. Rxd3 Bxe4 19. Rd1 Ke7 20. Raa1 Nf6 21. Ne5 Rc8 22. Rdc1 Rxc1+ 23. Rxc1 Bd5 24. Nc6+ Kd7 25. Nxa7 Ne4 26. Nb5 Bf4 27. Re1 Bd2 28. Rd1 Bb3 29. Ra1 Ba4 30. Na7 Bf4 31. f3 Nf6 32. d5 Nxd5 33. Bxg7 Bb8 34. g4 Bxa7 35. Kg2 b5 36. Rb1 f6 37. Bh6 Bc5 38. Bc1 Nc3 39. Ra1 Ne2 40. Bb2 e5 41. h4 Nf4+ 42. Kh2 Ke6 43. g5 fxg5 44. hxg5 Nd3 45. Bc3 Kf5 46. Kg3 Kxg5 47. Rh1 h5 48. Bxe5 h4+ 49. Kg2 Nxe5 0-1

[Event "Titled Tuesday intern op 27th Feb Late"]
[Site "Chess.com INT"]
[Date "2024.02.27"]
[Round "1"]
[White "Brodsky, David"]
[Black "Daianu, Cristian Clement"]
[Result "0-1"]
[WhiteElo "2506"]
[BlackElo "2201"]
[PlyCount "54"]
[EventDate "2024.02.27"]
[EventType "swiss (blitz)"]
[EventRounds "11"]
[EventCountry "USA"]
[SourceTitle "CB10_2024"]
[SourceDate "2024.03.06"]
[SourceVersion "1"]
[SourceVersionDate "2024.03.06"]
[SourceQuality "1"]

1. d4 d5 2. c4 e6 3. Nf3 c6 4. Nc3 f5 5. Bf4 Nf6 6. e3 Bd6 7. Bd3 0-0 8. 0-0 Qe7 9. Bxd6 Qxd6 10. Ne5 Nbd7 11. f4 Ne4 12. Qc2 Ndf6 13. c5 Qd8 14. b4 Bd7 15. a4 a6 16. b5 axb5 17. axb5 Nxc3 18. Qxc3 cxb5 19. Rxa8 Qxa8 20. Ra1 Qe8 21. Ra7 Bc6 22. h3 Qh5 23. Qb2 g5 24. Bxb5 g4 25. Bxc6 gxh3 26. Bb5 h2+ 27. Kh1 Ne4 0-1

[Event "Titled Tuesday intern op 27th Feb Late"]
[Site "Chess.com INT"]
[Date "2024.02.27"]
[Round "11"]
[White "Brodsky, David"]
[Black "Jaskolka, Tomasz"]
[Result "1-0"]
[WhiteElo "2506"]
[BlackElo "2241"]
[PlyCount "137"]
[EventDate "2024.02.27"]
[EventType "swiss (blitz)"]
[EventRounds "11"]
[EventCountry "USA"]
[SourceTitle "CB10_2024"]
[SourceDate "2024.03.06"]
[SourceVersion "1"]
[SourceVersionDate "2024.03.06"]
[SourceQuality "1"]

1. d4 d5 2. c4 e5 3. dxe5 d4 4. Nf3 Nc6 5. a3 a5 6. e3 Bc5 7. exd4 Bxd4 8. Be2 Bf5 9. 0-0 Bxe5 10. Nxe5 Nxe5 11. Nc3 Qxd1 12. Rxd1 Ne7 13. Nb5 Rc8 14. Bf4 N7g6 15. Bxe5 Nxe5 16. Rd5 f6 17. f4 Be6 18. fxe5 Bxd5 19. cxd5 fxe5 20. Bg4 Rd8 21. Re1 0-0 22. Nxc7 h5 23. Be6+ Kh7 24. Rxe5 Rd6 25. Rxh5+ Kg6 26. Re5 Rb6 27. Re2 Rf4 28. Rd2 Rd6 29. Nb5 Rd8 30. d6 Kf6 31. Bh3 g5 32. g3 Rc4 33. Bf1 Rc5 34. a4 Ke5 35. b3 Rc1 36. Kg2 Rf8 37. Bc4 g4 38. Re2+ Kf6 39. Rf2+ Kg7 40. Rxf8 Kxf8 41. Kf2 Ke8 42. Ke3 Kd7 43. Kf4 Rh1 44. Be2 Rxh2 45. Bxg4+ Kd8 46. Bf3 b6 47. g4 Kd7 48. g5 Rh8 49. Bg4+ Kd8 50. g6 Rf8+ 51. Ke5 Rf7 52. Nd4 Rf1 53. Nc6+ Ke8 54. d7+ Kf8 55. d8Q+ Kg7 56. Bf5 Re1+ 57. Kf4 Rf1+ 58. Kg5 Rg1+ 59. Bg4 Rxg4+ 60. Kxg4 Kh6 61. Ne5 Kg7 62. Kg5 b5 63. Qe7+ Kg8 64. axb5 a4 65. b4 a3 66. b6 a2 67. Qf7+ Kh8 68. b7 a1N 69. b8Q# 1-0

[Event "Titled Tuesday intern op 13th Feb Late"]
[Site "Chess.com INT"]
[Date "2024.02.13"]
[Round "5"]
[White "Brodsky, David"]
[Black "Krzywda, Andrzej"]
[Result "1-0"]
[WhiteElo "2506"]
[BlackElo "2211"]
[PlyCount "125"]
[EventDate "2024.02.13"]
[EventType "swiss (blitz)"]
[EventRounds "11"]
[EventCountry "USA"]
[SourceTitle "CB08_2024"]
[SourceDate "2024.02.21"]
[SourceVersion "1"]
[SourceVersionDate "2024.02.21"]
[SourceQuality "1"]

1. e4 e5 2. Nf3 Nf6 3. Nxe5 d6 4. Nf3 Nxe4 5. d4 d5 6. Bd3 Be7 7. 0-0 Bf5 8. Re1 0-0 9. Nbd2 Nd6 10. Nf1 Bxd3 11. Qxd3 c6 12. Bf4 Na6 13. h4 Nc7 14. h5 Ne6 15. Be5 Re8 16. b3 Bf8 17. Ng3 Ng5 18. Bxd6 Nxf3+ 19. Qxf3 Qxd6 20. Re3 g6 21. Rae1 Qd7 22. Qe2 Red8 23. c3 Bh6 24. Re7 Qc8 25. Qf3 Rf8 26. c4 dxc4 27. bxc4 Qd8 28. d5 cxd5 29. cxd5 Qa5 30. d6 Rad8 31. d7 Rxd7 32. Rxd7 Qxe1+ 33. Kh2 Qa5 34. Qxb7 Qxa2 35. Qf3 a5 36. Ne4 Qe6 37. g3 Bg7 38. Ra7 Qb6 39. Rd7 a4 40. h6 Bh8 41. Ng5 Qf6 42. Qe3 a3 43. Ra7 Qb2 44. Ne4 Qb4 45. Qf4 Qd4 46. Qf3 Qxa7 47. Nf6+ Bxf6 48. Qxf6 Qxf2+ 49. Qxf2 f5 50. Qa7 Rf7 51. Qb8+ Rf8 52. Qc7 Rf7 53. Qd8+ Rf8 54. Qe7 Rf7 55. Qe8+ Rf8 56. Qe6+ Rf7 57. Qc8+ Rf8 58. Qb7 Rf7 59. Qb8+ Rf8 60. Qb3+ Rf7 61. Qxa3 Rf6 62. Qe7 Rf8 63. Qg7# 1-0

[Event "Titled Tuesday intern op 13th Feb Early"]
[Site "Chess.com INT"]
[Date "2024.02.13"]
[Round "10"]
[White "Brodsky, David"]
[Black "Papasimakopoulos, Alexandros"]
[Result "0-1"]
[WhiteElo "2506"]
[BlackElo "2402"]
[PlyCount "116"]
[EventDate "2024.02.13"]
[EventType "swiss (blitz)"]
[EventRounds "11"]
[EventCountry "USA"]
[SourceTitle "CB08_2024"]
[SourceDate "2024.02.21"]
[SourceVersion "1"]
[SourceVersionDate "2024.02.21"]
[SourceQuality "1"]

1. e4 e6 2. d4 d5 3. Nd2 Nf6 4. e5 Nfd7 5. Bd3 c5 6. c3 b5 7. Ne2 b4 8. 0-0 bxc3 9. bxc3 Be7 10. Nf3 Ba6 11. Bxa6 Nxa6 12. Qa4 Qc8 13. c4 0-0 14. cxd5 Nb6 15. Qc2 Nxd5 16. Ng5 Bxg5 17. Bxg5 cxd4 18. Nxd4 Qxc2 19. Nxc2 Rfc8 20. Rfc1 h6 21. Bd2 Nc5 22. Ne3 Nf4 23. Kf1 Nfd3 24. Rc3 Rd8 25. Be1 Rab8 26. Rd1 Kf8 27. Ra3 Nxe1 28. Rxd8+ Rxd8 29. Kxe1 Rd7 30. Ra5 Ne4 31. f3 Nc3 32. Nc4 f6 33. exf6 gxf6 34. Ra3 Nd5 35. g3 Rc7 36. Nd2 Kf7 37. Ne4 f5 38. Nd2 Kf6 39. Ra6 Nb4 40. Ra4 Nd3+ 41. Ke2 Nc1+ 42. Kd1 Nd3 43. Ke2 Nc1+ 44. Kd1 h5 45. h4 Nd3 46. Ke2 Ne5 47. Ra5 Rc2 48. Kd1 Rxd2+ 49. Kxd2 Nc4+ 50. Kc3 Nxa5 51. Kd4 e5+ 52. Kd5 Nb7 53. a4 a5 54. Kc4 Nd6+ 55. Kd5 Nc8 56. Kc5 e4 57. fxe4 fxe4 58. Kd4 Kf5 0-1

[Event "Titled Tuesday intern op 13th Feb Early"]
[Site "Chess.com INT"]
[Date "2024.02.13"]
[Round "4"]
[White "Brodsky, David"]
[Black "Yuan, Qingyu"]
[Result "1-0"]
[WhiteElo "2506"]
[BlackElo "2360"]
[PlyCount "61"]
[EventDate "2024.02.13"]
[EventType "swiss (blitz)"]
[EventRounds "11"]
[EventCountry "USA"]
[SourceTitle "CB08_2024"]
[SourceDate "2024.02.21"]
[SourceVersion "1"]
[SourceVersionDate "2024.02.21"]
[SourceQuality "1"]

1. e4 c6 2. d4 d5 3. e5 c5 4. Nf3 cxd4 5. Qxd4 Nc6 6. Qf4 e6 7. Bd3 Nb4 8. Nc3 Nxd3+ 9. cxd3 Ne7 10. Bd2 Ng6 11. Qg3 Be7 12. h4 h5 13. Ne2 Bd7 14. Nf4 Nxf4 15. Bxf4 g6 16. 0-0 Qb6 17. Bg5 Bxg5 18. Qxg5 d4 19. b3 Bc6 20. Qf6 Rf8 21. Ng5 Qd8 22. Qf4 Qd5 23. Ne4 0-0-0 24. Rac1 Kb8 25. Rc5 Qd7 26. Nd6 f6 27. Nc4 g5 28. Qh2 Ka8 29. exf6 gxh4 30. Ra5 Qc7 31. Qxc7 1-0

[Event "Titled Tuesday intern op 13th Feb Late"]
[Site "Chess.com INT"]
[Date "2024.02.13"]
[Round "9"]
[White "Lazavik, Denis"]
[Black "Brodsky, David"]
[Result "1/2-1/2"]
[WhiteElo "2567"]
[BlackElo "2506"]
[PlyCount "144"]
[EventDate "2024.02.13"]
[EventType "swiss (blitz)"]
[EventRounds "11"]
[EventCountry "USA"]
[SourceTitle "CB08_2024"]
[SourceDate "2024.02.21"]
[SourceVersion "1"]
[SourceVersionDate "2024.02.21"]
[SourceQuality "1"]

1. d4 Nf6 2. c4 e6 3. Nf3 d5 4. g3 dxc4 5. Bg2 c6 6. 0-0 b5 7. b3 cxb3 8. axb3 Bd6 9. Qc2 0-0 10. Rd1 Bb7 11. e4 Be7 12. Nc3 Nbd7 13. e5 Nd5 14. Ne4 h6 15. g4 c5 16. g5 cxd4 17. gxh6 Rc8 18. Qe2 g6 19. Rxd4 Qb6 20. Bb2 Nf4 21. Qe3 Nxg2 22. Kxg2 Nc5 23. h7+ Kh8 24. Nd6 Rcd8 25. Nxb7 Qxb7 26. Rxd8 Rxd8 27. Bd4 Qd5 28. Rxa7 Nd7 29. Qf4 Rf8 30. h4 b4 31. Kg3 Bd8 32. Qh6 Be7 33. Qf4 Bd8 34. Be3 Be7 35. Qd4 Qxd4 36. Bxd4 Rd8 37. Bb6 Nxb6 38. Rxe7 Rd7 39. Re8+ Kxh7 40. Ng5+ Kg7 41. Ne4 Nd5 42. Rb8 Rc7 43. Nd6 Rc3+ 44. Kg4 Rxb3 45. Kg5 Rb1 46. Ne8+ Kh7 47. Nf6+ Nxf6 48. Kxf6 Rf1 49. Kxf7 Rxf2+ 50. Kxe6 Rb2 51. Kd6 b3 52. e6 Rd2+ 53. Ke5 Re2+ 54. Kf6 Rf2+ 55. Ke7 b2 56. Ke8 Re2 57. e7 Kh6 58. Rb6 Kh5 59. Kf7 Rf2+ 60. Kg7 Re2 61. Kf8 Rf2+ 62. Ke8 Re2 63. Rb4 Kh6 64. Rb3 Kh5 65. Rb4 Kh6 66. Rb5 Kg7 67. Rb6 Kh7 68. Kd7 Rd2+ 69. Ke8 Re2 70. Rb7 Kh6 71. Rb5 Kg7 72. Rb4 Kh6 1/2-1/2

[Event "Titled Tuesday intern op 13th Feb Early"]
[Site "Chess.com INT"]
[Date "2024.02.13"]
[Round "7"]
[White "Perez, Maximiliano"]
[Black "Brodsky, David"]
[Result "0-1"]
[WhiteElo "2374"]
[BlackElo "2506"]
[PlyCount "74"]
[EventDate "2024.02.13"]
[EventType "swiss (blitz)"]
[EventRounds "11"]
[EventCountry "USA"]
[SourceTitle "CB08_2024"]
[SourceDate "2024.02.21"]
[SourceVersion "1"]
[SourceVersionDate "2024.02.21"]
[SourceQuality "1"]

1. e4 c5 2. Nf3 d6 3. d4 cxd4 4. Nxd4 Nf6 5. Nc3 a6 6. Be2 e5 7. Nb3 Be7 8. Be3 Be6 9. Qd3 0-0 10. Nd5 Nbd7 11. 0-0 Bxd5 12. exd5 Rc8 13. c4 Ne8 14. Qd2 b6 15. Rac1 a5 16. Na1 g6 17. b3 Ng7 18. a3 Nf5 19. b4 axb4 20. axb4 Nxe3 21. fxe3 Ra8 22. Nb3 Bg5 23. Rc3 Ra3 24. Qb2 Qa8 25. Ra1 Rxa1+ 26. Nxa1 e4 27. Ra3 Qd8 28. Nc2 Ne5 29. Nd4 Qf6 30. Qa1 Nd3 31. Kh1 Bxe3 32. Nc2 Qf2 33. Bxd3 exd3 34. Nxe3 Qxe3 35. h3 Qe2 36. Ra8 d2 37. Kh2 d1Q 0-1

[Event "Titled Tuesday intern op 06th Feb Early"]
[Site "Chess.com INT"]
[Date "2024.02.06"]
[Round "5"]
[White "Brodsky, David"]
[Black "Tao, Sihan"]
[Result "1-0"]
[WhiteElo "2506"]
[BlackElo "2039"]
[PlyCount "65"]
[EventDate "2024.02.06"]
[EventType "swiss (blitz)"]
[EventRounds "11"]
[EventCountry "USA"]
[SourceTitle "CB07_2024"]
[SourceDate "2024.02.14"]
[SourceVersion "1"]
[SourceVersionDate "2024.02.14"]
[SourceQuality "1"]

1. c4 Nf6 2. Nc3 e6 3. Nf3 d5 4. d4 c5 5. e3 Nc6 6. a3 a6 7. dxc5 Bxc5 8. b4 Ba7 9. Bb2 0-0 10. Qc2 Qc7 11. cxd5 exd5 12. Ne2 Ne4 13. Ned4 Bb6 14. Bd3 Nxd4 15. Bxd4 Qxc2 16. Bxc2 Bxd4 17. Nxd4 Be6 18. Bxe4 dxe4 19. Rc1 Rac8 20. Kd2 Bd5 21. Nf5 Rcd8 22. Ke2 Rd7 23. Rhd1 Rfd8 24. Rxd5 Rxd5 25. Ne7+ Kf8 26. Nxd5 Rxd5 27. Rc7 Rb5 28. Kd2 g6 29. Kc3 Kg7 30. Kc4 Kf6 31. a4 Rb6 32. Kc5 Rb5+ 33. axb5 1-0